The study on epidemiology and prevetion measures againt sarcoptosis suis at kean svay district, kandal province, (ការសិក្សាលើកំរិតរាលដាល និងវិធានការការពារប្រយយទ្ធប្រឆំាង និងជម្ងឺមេកមជ្រូក នៅស្រុកកៀនស្វាយ ខេត្តកណ្ដាល) (Record no. 1845)
[ view plain ]
| 000 -LEADER | |
|---|---|
| fixed length control field | 00781nam a22001577a 4500 |
| 003 - CONTROL NUMBER IDENTIFIER | |
| control field | OSt |
| 005 - DATE AND TIME OF LATEST TRANSACTION | |
| control field | 20151003170146.0 |
| 008 - FIXED-LENGTH DATA ELEMENTS--GENERAL INFORMATION | |
| fixed length control field | 151003b xxu||||| |||| 00| 0 eng d |
| 040 ## - CATALOGING SOURCE | |
| Transcribing agency | RUA |
| 082 ## - DEWEY DECIMAL CLASSIFICATION NUMBER | |
| Classification number | AVM CHH 1993 B073 Or.1 |
| 100 ## - MAIN ENTRY--PERSONAL NAME | |
| 9 (RLIN) | 1951 |
| Personal name | CHHIM SOKSAMNANG |
| 245 ## - TITLE STATEMENT | |
| Title | The study on epidemiology and prevetion measures againt sarcoptosis suis at kean svay district, kandal province, (ការសិក្សាលើកំរិតរាលដាល និងវិធានការការពារប្រយយទ្ធប្រឆំាង និងជម្ងឺមេកមជ្រូក នៅស្រុកកៀនស្វាយ ខេត្តកណ្ដាល) |
| 260 ## - PUBLICATION, DISTRIBUTION, ETC. (IMPRINT) | |
| Place of publication, distribution, etc. | phnom penh |
| Name of publisher, distributor, etc. | RUA |
| Date of publication, distribution, etc. | 1993 |
| 300 ## - PHYSICAL DESCRIPTION | |
| Extent | ix, 50p. |
| Other physical details | ill. |
| Dimensions | 29cm. |
| 942 ## - ADDED ENTRY ELEMENTS (KOHA) | |
| Source of classification or shelving scheme | |
| Koha item type | AVM |
| Price effective from | Date last seen | Permanent Location | Not for loan | Date acquired | Source of classification or shelving scheme | Koha item type | Lost status | Withdrawn status | Total Renewals | Date last checked out | Total Checkouts | Shelving location | Damaged status | Barcode | Current Location | Full call number |
|---|---|---|---|---|---|---|---|---|---|---|---|---|---|---|---|---|
| 2015-10-03 | 2015-10-03 | Library Block B | 2015-10-03 | AVM | B073 | RUA017700 | Library Block B | AVM CHH 1993 B073 Or.1 | ||||||||
| 2015-10-03 | 2016-03-21 | Library Block B | 2015-10-03 | AVM | 2016-03-11 | 1 | B073 | RUA017222 | Library Block B | AVM CHH 1993 B073 Or.2 | ||||||
| 2015-10-03 | 2016-05-31 | Library Block B | 2015-10-03 | AVM | 1 | 2016-05-23 | 1 | B073 | RUA017247 | Library Block B | AVM CHH 1993 B073 Or.3 | |||||
| 2015-10-03 | 2015-10-03 | Library Block B | 2015-10-03 | AVM | B073 | RUA017359 | Library Block B | AVM CHH 1993 B073 Or.4 | ||||||||
| 2015-10-03 | 2015-10-03 | Library Block B | 2015-10-03 | AVM | B073 | RUA017581 | Library Block B | AVM CHH 1993 B073 Or.5 | ||||||||
| 2015-10-03 | 2015-10-03 | Library Block B | 2015-10-03 | AVM | B073 | RUA017134 | Library Block B | AVM CHH 1993 B073 Or.6 |